banner koha

Respostas do clone Fx 3864 de seringueira a doses de fertilizantes no sul da Bahia [Hevea brasiliensis, nitrogenio, fosforo, potassio] (Registro n. 118405)

MARC details
000 -LÍDER
campo de controle de tamanho fixo 01116nas a2200325 4500
001 - NÚMERO DE CONTROLE
campo de controle BR8602033
003 - IDENTIFICADOR DO NÚMERO DE CONTROLE
campo de controle BR-BrBNA
005 - DATA E HORÁRIO DA ÚLTIMA TRANSAÇÃO
campo de controle 20231205090433.0
007 - CAMPO FIXO DE DESCRIÇÃO FÍSICA--INFORMAÇÃO GERAL
campo de controle de tamanho fixo ta
008 - CAMPO DE DADOS FIXOS--INFORMAÇÃO GERAL
campo de controle de tamanho fixo 230509b bl.|||p| |||| 00| 00por d
040 ## - FONTE DA CATALOGAÇÃO
Instituição da catalogação original BR-BrBNA
Idioma da catalogação por
Instituição que transcreveu o registro Biblioteca Nacional de Agricultura
041 ## - CÓDIGO DE IDIOMA
Código do idioma do texto/trilha sonora ou título diferente (Pt)
072 ## - CÓDIGO DE CATEGORIA DE ASSUNTO
Código de Categoria de Assunto F04; F30
100 1# - ENTRADA PRINCIPAL--NOME PESSOAL
Nome pessoal Reis, E.L.
100 1# - ENTRADA PRINCIPAL--NOME PESSOAL
Nome pessoal Cabala-Rosand, P.
100 1# - ENTRADA PRINCIPAL--NOME PESSOAL
Nome pessoal Santana, C.J.L. de (Comissao Executiva do Plano da Lavoura Cacaueira, Ilheus, BA (Brazil))
245 1# - TÍTULO
Título Respostas do clone Fx 3864 de seringueira a doses de fertilizantes no sul da Bahia [Hevea brasiliensis, nitrogenio, fosforo, potassio]
246 1# - FORMA VARIANTE DO TÍTULO
Título/título abreviado Response of the rubber clone Fx 3864 to fertilizers in southern Bahia, Brazil
650 ## - ASSUNTO--TERMO TÓPICO
Cabeçalho tópico ou nome geográfico SERINGUEIRA
650 ## - ASSUNTO--TERMO TÓPICO
Cabeçalho tópico ou nome geográfico NITROGENIO
650 ## - ASSUNTO--TERMO TÓPICO
Cabeçalho tópico ou nome geográfico FOSFORO
650 ## - ASSUNTO--TERMO TÓPICO
Cabeçalho tópico ou nome geográfico POTASSIO
650 ## - ASSUNTO--TERMO TÓPICO
Cabeçalho tópico ou nome geográfico CLONE
650 ## - ASSUNTO--TERMO TÓPICO
Cabeçalho tópico ou nome geográfico ADUBACAO
650 ## - ASSUNTO--TERMO TÓPICO
Cabeçalho tópico ou nome geográfico BAHIA
773 0# - ENTRADA ANALÍTICA
Título Revista Theobroma (Brazil)
ISSN - International Standard Serial Number ISSN 0370-7962
Partes relacionadas (Jan-Mar 1985), v. 15(1) p. 19-26
Número de controle do registro BR8602033
856 40 - LOCALIZAÇÃO ELETRÔNICA E ACESSO
Caminho Link DSPACE/MAPA BR8602033
909 ## -
-- 202311
-- Lúcia
-- 55
-- Lúcia Elande
942 ## - ELEMENTOS DE ENTRADA ADICIONADOS (KOHA)
Fonte da classificação ou esquema de arquivamento na estante Classificação AGRIS
Ocultar no OPAC Não
Tipo de material Koha Analítica
Exemplares
Situação do descarte Fonte da classificação ou esquema de arquivamento na estante Situação física Não pode ser emprestado Biblioteca de origem Biblioteca atual Localização na estante Enumeração do periódico / cronologia Total de empréstimos Data de último acesso Número do exemplar Tipo de material Koha Fonte de aquisição
  Classificação AGRIS   Consulta local Biblioteca Nacional de Agricultura - Binagri Biblioteca Nacional de Agricultura - Binagri   (Jan-Mar 1985), v. 15(1) p. 19-26   29/11/2023 01 Periódicos Portaria Interministerial nº 164/94

BINAGRI

Telefone: (61)3218-2567/2388/3357/2097 - binagri@agro.gov.br

Ministério da Agricultura e Pecuária , Esplanada dos Ministérios, Bloco D, Anexo B, Brasília/DF, CEP: 70.043-900